000 00857nam a22001937a 4500
003 JO-AjAnu
005 20240326134005.0
008 240326b jo ||||| |||| 00| 0 ara d
040 _aJO-AjAnu
_cJO-AjAnu
041 0 _hara
100 1 _aالعزاوي، حيدر مظهر عباس
_eمعد
_965163
245 0 1 _aعلم الاحياء المجهرية الطبية /
_cاعداد حيدر مظهر عباس العزاوي
250 _aالطبعة الاولى
260 _aعمان :
_bدار غيداء للنشر والتوزيع،
_c2021
300 _a203 صفحه
500 _aيحتوي على جداول واشكال بيانيه توضيحية
650 _vعلم الاحياء المجهرية-علم الجراثيم-علم الفيروسات-المضادات الحيوية-النباتات الطبية-الطب
942 _2lcc
_cBK
_n0
999 _c33365
_d33365